[Event "Bad Woerishofen Seniors op 28th"]
[Site "Bad Woerishofen"]
[Date "2012.03.09"]
[Round "8.37"]
[White "Kahler, Kurt"]
[Black "Schoen, Siegfried"]
[Result "1/2-1/2"]
[WhiteElo "1619"]
[BlackElo "1556"]
[PlyCount "38"]
[EventDate "2012.03.02"]
[EventType "swiss"]
[EventRounds "9"]
[EventCountry "GER"]
[SourceTitle "EXT 2022"]
[Source "ChessBase"]
[SourceDate "2021.10.06"]
[SourceVersion "1"]
[SourceVersionDate "2021.10.06"]
[SourceQuality "1"]

1. d4 Nf6 2. e3 g6 3. f4 Bg7 4. Bd3 d6 5. Nf3 0-0 6. 0-0 Nbd7 7. Qe1 c5 8. c3 b6 9. Nbd2 Bb7 10. f5 Re8 11. fxg6 fxg6 12. Qh4 Nf8 13. e4 e5 14. d5 Nh5 15. Qf2 Nf4 16. Bc2 Qf6 17. Nc4 Rad8 18. Ne3 Bc8 19. Bd2 Re7 1/2-1/2

[Event "Bad Woerishofen Seniors op 28th"]
[Site "Bad Woerishofen"]
[Date "2012.03.04"]
[Round "3.41"]
[White "Mueller, Dieter5555"]
[Black "Kahler, Kurt"]
[Result "1/2-1/2"]
[WhiteElo "1573"]
[BlackElo "1619"]
[PlyCount "81"]
[EventDate "2012.03.02"]
[EventType "swiss"]
[EventRounds "9"]
[EventCountry "GER"]
[SourceTitle "EXT 2022"]
[Source "ChessBase"]
[SourceDate "2021.10.06"]
[SourceVersion "1"]
[SourceVersionDate "2021.10.06"]
[SourceQuality "1"]

1. Nf3 d5 2. c4 e6 3. g3 f5 4. Bg2 Bd6 5. d3 Nf6 6. b3 0-0 7. Bb2 Bb4+ 8. Nbd2 Bc5 9. 0-0 c6 10. cxd5 exd5 11. Rc1 Bb6 12. e3 h6 13. b4 a6 14. Nb3 Nbd7 15. Qc2 Nh7 16. Nbd4 Ndf6 17. Nh4 Bxd4 18. Bxd4 g5 19. Ng6 Re8 20. Qc3 Kg7 21. Ne5 Nf8 22. Qb2 N8d7 23. Nf3 Kg6 24. h3 Nf8 25. Kh2 Ne6 26. Bc3 f4 27. Ne5+ Kg7 28. g4 Rf8 29. Qc2 Rh8 30. d4 Qe8 31. Bd2 h5 32. f3 Nd7 33. exf4 Nxf4 34. Bxf4 gxf4 35. Qf5 Nxe5 36. Qxe5+ Qxe5 37. dxe5 h4 38. Rfe1 Be6 39. Bf1 Rad8 40. Bd3 d4 41. Kg2 1/2-1/2

[Event "Bad Woerishofen Seniors op 28th"]
[Site "Bad Woerishofen"]
[Date "2012.03.03"]
[Round "2.45"]
[White "Kahler, Kurt"]
[Black "Samarian, Cornel"]
[Result "1-0"]
[WhiteElo "1619"]
[BlackElo "1560"]
[PlyCount "83"]
[EventDate "2012.03.02"]
[EventType "swiss"]
[EventRounds "9"]
[EventCountry "GER"]
[SourceTitle "EXT 2022"]
[Source "ChessBase"]
[SourceDate "2021.10.06"]
[SourceVersion "1"]
[SourceVersionDate "2021.10.06"]
[SourceQuality "1"]

1. d4 Nf6 2. e3 d5 3. Bd3 g6 4. f4 Bg7 5. Nf3 0-0 6. 0-0 Nbd7 7. Nbd2 c5 8. c3 c4 9. Bc2 Qc7 10. Ne5 Nxe5 11. fxe5 Ne8 12. e4 e6 13. Nf3 f6 14. exf6 Bxf6 15. e5 Bd8 16. Bh6 Ng7 17. Qe2 Be7 18. h4 Qd8 19. Bxg7 Kxg7 20. h5 Bd7 21. hxg6 h6 22. Nh2 Rxf1+ 23. Rxf1 Be8 24. Qg4 Qd7 25. Rf7+ Bxf7 26. gxf7+ Kxf7 27. Qg6+ Kf8 28. Qxh6+ Ke8 29. Qh8+ Kf7 30. Qh7+ Ke8 31. Qh8+ Kf7 32. Qxa8 Bd8 33. Qxa7 Kg7 34. b3 Qf7 35. bxc4 Bh4 36. Nf3 Bg3 37. cxd5 exd5 38. Bb3 Qf4 39. Qxb7+ Kh6 40. Qc6+ Kh5 41. Qe8+ Kh6 42. Qh8+ 1-0

[Event "Bad Woerishofen op 25th"]
[Site "Bad Woerishofen"]
[Date "2009.03.09"]
[Round "5"]
[White "Gudat, Alfons"]
[Black "Kahler, Kurt"]
[Result "0-1"]
[WhiteElo "2055"]
[BlackElo "1903"]
[PlyCount "110"]
[EventDate "2009.03.05"]
[EventType "swiss"]
[EventRounds "9"]
[EventCountry "GER"]
[SourceTitle "CBM 129 Extra"]
[Source "ChessBase"]
[SourceDate "2009.05.05"]
[SourceVersion "2"]
[SourceVersionDate "2009.05.20"]
[SourceQuality "1"]

1. Nf3 d5 2. d4 e6 3. c4 c6 4. e3 Bd6 5. Nc3 f5 6. Be2 Nf6 7. 0-0 0-0 8. Ne5 Nbd7 9. f4 Ne4 10. Nxe4 fxe4 11. b3 Qh4 12. Qe1 Qxe1 13. Rxe1 Nxe5 14. fxe5 Bb4 15. Rd1 Bd7 16. a3 Be7 17. Bd2 b6 18. b4 Rf5 19. Rf1 Raf8 20. Rxf5 Rxf5 21. Rc1 Rf8 22. a4 c5 23. bxc5 bxc5 24. dxc5 Bxa4 25. Bg4 dxc4 26. Bxe6+ Kh8 27. Bxc4 Bxc5 28. Bd5 Bb6 29. Bxe4 Re8 30. Bc6 Bxc6 31. Rxc6 Kg8 32. e6 Rd8 33. Bb4 Bxe3+ 34. Kf1 Bb6 35. Ke2 Re8 36. Kf3 g6 37. Ke4 Kg7 38. Bc3+ Kf8 39. Bb4+ Kg7 40. Ke5 Bd8 41. Kd5 Be7 42. Bc3+ Kf8 43. Ba5 Rb8 44. Bd2 Rd8+ 45. Kc4 Rxd2 46. Rc8+ Rd8 47. Rc7 a5 48. Ra7 Rd6 49. Rxa5 Rxe6 50. Ra2 Bg5 51. Kd5 Kf7 52. g3 Bf6 53. g4 g5 54. Rf2 Re5+ 55. Kd6 Re4 0-1

[Event "Bayern-ch Seniors 19th"]
[Site "Schloss Schney"]
[Date "2007.06.19"]
[Round "8"]
[White "Fiedler, Werner"]
[Black "Kahler, Kurt"]
[Result "0-1"]
[WhiteElo "1643"]
[BlackElo "1702"]
[PlyCount "122"]
[EventDate "2007.06.12"]
[EventType "swiss"]
[EventRounds "9"]
[EventCountry "GER"]
[SourceTitle "EXT 2008"]
[Source "ChessBase"]
[SourceDate "2007.11.25"]
[SourceVersion "1"]
[SourceVersionDate "2007.11.25"]
[SourceQuality "1"]

1. Nf3 d5 2. d4 e6 3. Nbd2 f5 4. e3 Bd6 5. Be2 Nd7 6. b3 Ngf6 7. Bb2 0-0 8. c4 c6 9. 0-0 Ne4 10. Qc2 Rf6 11. Rac1 Rh6 12. g3 Qe8 13. Kg2 Qh5 14. h4 Ndf6 15. Nxe4 fxe4 16. Ne5 Qe8 17. Qd1 Nd7 18. Bg4 Nxe5 19. dxe5 Be7 20. cxd5 exd5 21. f4 exf3+ 22. Qxf3 Bxg4 23. Qxg4 Qg6 24. Qxg6 Rxg6 25. Rf4 Rf8 26. Rcf1 Rxf4 27. Rxf4 c5 28. Kh3 Ra6 29. a3 b5 30. Kg4 Rc6 31. Bc3 Bd8 32. Kf3 a5 33. Ke2 b4 34. Bb2 c4 35. bxc4 dxc4 36. axb4 axb4 37. Bd4 Be7 38. Kd2 c3+ 39. Kc2 h5 40. Rf1 Rg6 41. Rf3 Rc6 42. Rf4 b3+ 43. Kd3 c2 44. Bb2 c1Q 45. Bxc1 Rxc1 46. Rf5 g6 47. Rf4 Rg1 48. Rf3 Rc1 49. Rf4 Rc5 50. Re4 Kf7 51. e6+ Kf6 52. g4 hxg4 53. Rxg4 Re5 54. e4 Rxe6 55. Kc4 Rd6 56. Rg5 Kg7 57. Rb5 Kh6 58. e5 Ra6 59. Kd5 Kh5 60. e6 Ra7 61. Rxb3 Kxh4 0-1

[Event "Bayern-ch Seniors 19th"]
[Site "Schloss Schney"]
[Date "2007.06.16"]
[Round "5"]
[White "Kahler, Kurt"]
[Black "Filbry, Lothar"]
[Result "1/2-1/2"]
[WhiteElo "1702"]
[BlackElo "1600"]
[PlyCount "37"]
[EventDate "2007.06.12"]
[EventType "swiss"]
[EventRounds "9"]
[EventCountry "GER"]
[SourceTitle "EXT 2008"]
[Source "ChessBase"]
[SourceDate "2007.11.25"]
[SourceVersion "1"]
[SourceVersionDate "2007.11.25"]
[SourceQuality "1"]

1. d4 Nf6 2. c3 d5 3. e3 Bf5 4. Bd3 Bxd3 5. Qxd3 Nbd7 6. Nf3 e6 7. Nbd2 c5 8. 0-0 c4 9. Qe2 Bd6 10. e4 dxe4 11. Nxe4 Nxe4 12. Qxe4 Qc7 13. Bg5 h6 14. Bh4 0-0 15. Bg3 Bxg3 16. fxg3 b5 17. Ne5 Nxe5 18. Qxe5 Qxe5 19. dxe5 1/2-1/2

[Event "Bayern-ch Seniors 19th"]
[Site "Schloss Schney"]
[Date "2007.06.13"]
[Round "2"]
[White "Klose, Hans Peter"]
[Black "Kahler, Kurt"]
[Result "1/2-1/2"]
[WhiteElo "1467"]
[BlackElo "1702"]
[PlyCount "29"]
[EventDate "2007.06.12"]
[EventType "swiss"]
[EventRounds "9"]
[EventCountry "GER"]
[SourceTitle "EXT 2008"]
[Source "ChessBase"]
[SourceDate "2007.11.25"]
[SourceVersion "1"]
[SourceVersionDate "2007.11.25"]
[SourceQuality "1"]

1. e4 e6 2. d3 Bc5 3. Nf3 Ne7 4. d4 Bb6 5. g3 0-0 6. Bg2 d5 7. exd5 exd5 8. 0-0 Bg4 9. h3 Bf5 10. Be3 c6 11. Nbd2 Nd7 12. Nh4 Bc7 13. Nxf5 Nxf5 14. Qf3 g6 15. c3 1/2-1/2

[Event "Bad Woerishofen Seniors opA 23rd"]
[Site "Bad Woerishofen"]
[Date "2007.03.11"]
[Round "4"]
[White "Kahler, Kurt"]
[Black "Malik, Rosemarie"]
[Result "1-0"]
[WhiteElo "1702"]
[BlackElo "1430"]
[PlyCount "79"]
[EventDate "2007.03.08"]
[EventType "swiss"]
[EventRounds "9"]
[EventCountry "GER"]
[SourceTitle "EXT 2022"]
[Source "ChessBase"]
[SourceDate "2021.10.06"]
[SourceVersion "1"]
[SourceVersionDate "2021.10.06"]
[SourceQuality "1"]

1. e4 d6 2. f4 e6 3. Nf3 g6 4. d4 Bg7 5. Be3 b6 6. Bd3 Bb7 7. f5 Nf6 8. fxe6 fxe6 9. Nc3 0-0 10. Qd2 Nbd7 11. 0-0-0 Ng4 12. Bg5 Bf6 13. Bxf6 Ngxf6 14. Qh6 Qe7 15. h3 c5 16. d5 exd5 17. exd5 Nxd5 18. Bc4 N7f6 19. Nxd5 Nxd5 20. Bxd5+ Bxd5 21. Rxd5 Rf6 22. Qd2 Rd8 23. Re1 Qf8 24. Kb1 h6 25. Qd3 Qf7 26. Qe4 Kf8 27. b3 a5 28. Ne5 Qe8 29. Nxg6+ Rxg6 30. Rf5+ Kg7 31. Qxe8 Rxe8 32. Rxe8 Rxg2 33. Re6 Rg1+ 34. Kb2 b5 35. Rxd6 c4 36. bxc4 bxc4 37. Rxa5 Kh7 38. Ra7+ Rg7 39. Rxg7+ Kxg7 40. a4 1-0

[Event "Bad Woerishofen Seniors op 21st"]
[Site "Bad Woerishofen"]
[Date "2005.03.10"]
[Round "8"]
[White "Blosze, Winfried"]
[Black "Kahler, Kurt"]
[Result "1-0"]
[WhiteElo "1688"]
[BlackElo "1673"]
[PlyCount "85"]
[EventDate "2005.03.03"]
[EventType "swiss"]
[EventRounds "9"]
[EventCountry "GER"]
[SourceTitle "EXT 2006"]
[Source "ChessBase"]
[SourceDate "2005.11.24"]
[SourceVersion "1"]
[SourceVersionDate "2005.11.24"]
[SourceQuality "1"]

1. e4 e6 2. d4 d5 3. exd5 exd5 4. Bd3 Bd6 5. Ne2 Bg4 6. Be3 Nd7 7. Nbc3 c6 8. Qd2 Ne7 9. f3 Bh5 10. Nf4 Bg6 11. 0-0-0 Qc7 12. Nce2 a5 13. h4 Nb6 14. Nxg6 hxg6 15. Bf4 0-0-0 16. Bxd6 Qxd6 17. Qxa5 Kc7 18. Qd2 Ra8 19. Kb1 Ra4 20. c3 Rha8 21. Nc1 R4a5 22. h5 Nc4 23. Qe2 Rb5 24. Bxc4 dxc4 25. Qxc4 Nd5 26. Rd2 Qf4 27. Qd3 Re8 28. Re2 Rh8 29. c4 Nb4 30. Qe4 Qxe4+ 31. Rxe4 Rbxh5 32. Rxh5 Rxh5 33. Re7+ Kb6 34. c5+ Kb5 35. a3 Nd5 36. Rxb7+ Kc4 37. Rxf7 Kxd4 38. b4 Nc3+ 39. Kc2 Nd5 40. Rxg7 Ne3+ 41. Kb3 Nxg2 42. Rxg6 Nf4 43. Rxc6 1-0

[Event "Bad Woerishofen Seniors op 21st"]
[Site "Bad Woerishofen"]
[Date "2005.03.03"]
[Round "1"]
[White "Kahler, Kurt"]
[Black "Rahn, Oskar"]
[Result "0-1"]
[WhiteElo "1673"]
[BlackElo "2000"]
[PlyCount "94"]
[EventDate "2005.03.03"]
[EventType "swiss"]
[EventRounds "9"]
[EventCountry "GER"]
[SourceTitle "EXT 2006"]
[Source "ChessBase"]
[SourceDate "2005.11.24"]
[SourceVersion "1"]
[SourceVersionDate "2005.11.24"]
[SourceQuality "1"]

1. e4 e5 2. f4 Nf6 3. Nc3 d5 4. exd5 e4 5. Bb5+ c6 6. dxc6 bxc6 7. Bc4 Bc5 8. Nge2 0-0 9. Na4 Qe7 10. Nxc5 Qxc5 11. d3 Ng4 12. b4 Qxb4+ 13. Qd2 Qxd2+ 14. Bxd2 exd3 15. Bxd3 Nd7 16. h3 Ngf6 17. Rb1 Re8 18. Kf2 Nc5 19. Kf3 Nxd3 20. cxd3 Ba6 21. Rb3 Rad8 22. Nc1 Rd7 23. Re1 Red8 24. Ba5 Rc8 25. Ra3 Bb5 26. g3 c5 27. Re5 Nd5 28. Ne2 f6 29. Re6 Nb4 30. Ke4 Bxd3+ 31. Rxd3 Nxd3 32. Ke3 Nb4 33. Bxb4 cxb4 34. Re4 a5 35. Re6 Kf7 36. Ra6 Rc5 37. g4 g6 38. h4 Rcd5 39. g5 f5 40. Rf6+ Ke7 41. h5 R7d6 42. hxg6 hxg6 43. Rxd6 Kxd6 44. Nd4 Kc5 45. Nf3 Kc4 46. Ne5+ Rxe5+ 47. fxe5 Kd5 0-1

[Event "Bad Woerishofen Seniors op 19th"]
[Site "Bad Woerishofen"]
[Date "2003.03.20"]
[Round "8"]
[White "Kahler, Kurt"]
[Black "Urban, Rudolf"]
[Result "1/2-1/2"]
[WhiteElo "1730"]
[BlackElo "2071"]
[PlyCount "31"]
[EventDate "2003.03.13"]
[EventType "swiss"]
[EventRounds "9"]
[EventCountry "GER"]
[SourceTitle "EXT 2004"]
[Source "ChessBase"]
[SourceDate "2003.11.25"]
[SourceVersion "1"]
[SourceVersionDate "2003.11.25"]
[SourceQuality "1"]

1. e4 c6 2. d4 d5 3. e5 Bf5 4. Bd3 Bxd3 5. Qxd3 e6 6. Nf3 Ne7 7. Bg5 Qb6 8. Nbd2 h6 9. Be3 Nf5 10. Nb3 Nd7 11. 0-0 Be7 12. Bd2 a5 13. a4 Bb4 14. Be3 Qc7 15. Rfc1 0-0 16. Nbd2 1/2-1/2

[Event "Bad Woerishofen Seniors op 19th"]
[Site "Bad Woerishofen"]
[Date "2003.03.15"]
[Round "3"]
[White "Kahler, Kurt"]
[Black "Narr, Irmgard"]
[Result "1-0"]
[WhiteElo "1730"]
[BlackElo "1329"]
[PlyCount "67"]
[EventDate "2003.03.13"]
[EventType "swiss"]
[EventRounds "9"]
[EventCountry "GER"]
[SourceTitle "EXT 2004"]
[Source "ChessBase"]
[SourceDate "2003.11.25"]
[SourceVersion "1"]
[SourceVersionDate "2003.11.25"]
[SourceQuality "1"]

1. e4 e6 2. d4 d5 3. Be3 dxe4 4. Nd2 Nf6 5. f3 exf3 6. Ngxf3 h6 7. Bd3 c6 8. 0-0 Bd6 9. Ne5 Nbd7 10. Ndc4 Qc7 11. Bf4 b5 12. Nxd6+ Qxd6 13. c3 Bb7 14. Nxf7 Qf8 15. Bg6 Qxf7 16. Bxf7+ Kxf7 17. Be5 Ke7 18. Qd3 Raf8 19. Qg3 Rf7 20. Rae1 a5 21. Bd6+ Kd8 22. Qg6 Rhf8 23. Bxf8 Rxf8 24. Rxe6 Kc7 25. Qxg7 Rg8 26. Qe7 Kb6 27. Rfxf6 Nxf6 28. Rxf6 h5 29. Qc5+ Ka6 30. d5 Rg5 31. Rxc6+ Bxc6 32. Qxc6+ Ka7 33. Qd7+ Ka6 34. Qe6+ 1-0

[Event "Bad Woerishofen Seniors op 18th"]
[Site "Bad Woerishofen"]
[Date "2002.03.13"]
[Round "7"]
[White "Kahler, Kurt"]
[Black "Disselberger, Alfons"]
[Result "1-0"]
[WhiteElo "1727"]
[BlackElo "1391"]
[PlyCount "53"]
[EventDate "2002.03.??"]
[EventType "swiss"]
[EventRounds "9"]
[EventCountry "GER"]
[SourceTitle "EXT 2006"]
[Source "ChessBase"]
[SourceDate "2005.11.24"]
[SourceVersion "1"]
[SourceVersionDate "2005.11.24"]
[SourceQuality "1"]

1. e4 e6 2. d4 d5 3. Be3 Nf6 4. e5 Nfd7 5. f4 c5 6. c3 Qa5 7. Nf3 cxd4 8. Nxd4 Nc6 9. Be2 Nxd4 10. Bxd4 Bc5 11. b4 Bxb4 12. cxb4 Qxb4+ 13. Nc3 a6 14. 0-0 0-0 15. Rc1 b6 16. Kh1 Bb7 17. Rb1 Qe7 18. Bd3 Nc5 19. f5 Nxd3 20. f6 Qd7 21. Qxd3 gxf6 22. Rxf6 Kh8 23. Rbf1 a5 24. R1f4 Ba6 25. Qh3 Qe7 26. Rh4 Bd3 27. Qxd3 1-0

[Event "Bad Woerishofen Seniors op 18th"]
[Site "Bad Woerishofen"]
[Date "2002.03.11"]
[Round "5"]
[White "Kahler, Kurt"]
[Black "Block, Herbert"]
[Result "1-0"]
[WhiteElo "1727"]
[BlackElo "1485"]
[PlyCount "61"]
[EventDate "2002.03.??"]
[EventType "swiss"]
[EventRounds "9"]
[EventCountry "GER"]
[SourceTitle "EXT 2006"]
[Source "ChessBase"]
[SourceDate "2005.11.24"]
[SourceVersion "1"]
[SourceVersionDate "2005.11.24"]
[SourceQuality "1"]

1. e4 e5 2. f4 exf4 3. Nf3 d6 4. d4 Bg4 5. Bxf4 g5 6. Be3 Nd7 7. Bc4 Qe7 8. 0-0 f6 9. Nc3 c6 10. Qd2 0-0-0 11. b4 Nb6 12. Bd3 h5 13. d5 c5 14. bxc5 dxc5 15. Nb5 a6 16. Na3 Bxf3 17. Rxf3 Qe5 18. Rb1 Qc7 19. Qe2 Bd6 20. Bxa6 Kd7 21. Qb5+ Ke7 22. Qxb6 Qxb6 23. Rxb6 bxa6 24. Rxa6 Nh6 25. Nc4 Ng4 26. Rxd6 Rxd6 27. Bxc5 Rhd8 28. Nxd6 Rxd6 29. Bxd6+ Kxd6 30. h3 Ne5 31. Rxf6+ 1-0

[Event "Bad Woerishofen Seniors op 18th"]
[Site "Bad Woerishofen"]
[Date "2002.03.10"]
[Round "4"]
[White "Dryzek, Tadeusz"]
[Black "Kahler, Kurt"]
[Result "1-0"]
[WhiteElo "2020"]
[BlackElo "1727"]
[PlyCount "57"]
[EventDate "2002.03.??"]
[EventType "swiss"]
[EventRounds "9"]
[EventCountry "GER"]
[SourceTitle "EXT 2006"]
[Source "ChessBase"]
[SourceDate "2005.11.24"]
[SourceVersion "1"]
[SourceVersionDate "2005.11.24"]
[SourceQuality "1"]

1. e4 c5 2. Nf3 Nc6 3. d4 cxd4 4. Nxd4 e5 5. Nb5 a6 6. Nd6+ Bxd6 7. Qxd6 Qf6 8. Qd1 Qg6 9. Nc3 d5 10. Nxd5 Qxe4+ 11. Ne3 Qg6 12. Be2 Nf6 13. Qd6 Bd7 14. Bd2 Ne4 15. Qxg6 hxg6 16. Bc1 b5 17. 0-0 Be6 18. Bf3 f5 19. c3 Rd8 20. Bxe4 fxe4 21. Re1 Kf7 22. Nf1 Bf5 23. h3 Rd3 24. Ng3 Rhd8 25. Bg5 R8d7 26. Nxe4 Bxe4 27. Rxe4 Rd1+ 28. Rxd1 Rxd1+ 29. Re1 1-0

[Event "Bad Woerishofen Seniors op 18th"]
[Site "Bad Woerishofen"]
[Date "2002.03.09"]
[Round "3"]
[White "Kahler, Kurt"]
[Black "Scheidt, Eugen"]
[Result "1/2-1/2"]
[WhiteElo "1727"]
[BlackElo "1790"]
[PlyCount "24"]
[EventDate "2002.03.??"]
[EventType "swiss"]
[EventRounds "9"]
[EventCountry "GER"]
[SourceTitle "EXT 2006"]
[Source "ChessBase"]
[SourceDate "2005.11.24"]
[SourceVersion "1"]
[SourceVersionDate "2005.11.24"]
[SourceQuality "1"]

1. e4 e6 2. d4 d5 3. Be3 b6 4. e5 c5 5. c3 Bb7 6. f4 Nh6 7. Bd3 Nf5 8. Bxf5 exf5 9. Nf3 Be7 10. Nbd2 0-0 11. Ng5 h6 12. h4 Qd7 1/2-1/2

[Event "Bad Breisig Seniors op 3rd"]
[Site "Bad Breisig"]
[Date "2002.??.??"]
[Round "3"]
[White "Homes, Helmut"]
[Black "Kahler, Kurt"]
[Result "1-0"]
[WhiteElo "1796"]
[BlackElo "1676"]
[PlyCount "91"]
[EventDate "2002.07.??"]
[EventType "swiss"]
[EventRounds "9"]
[EventCountry "GER"]
[SourceTitle "EXT 2006"]
[Source "ChessBase"]
[SourceDate "2005.11.24"]
[SourceVersion "1"]
[SourceVersionDate "2005.11.24"]
[SourceQuality "1"]

1. e4 c5 2. Nc3 Nc6 3. g3 d6 4. Bg2 g6 5. d3 f5 6. f4 Bg7 7. Nf3 fxe4 8. Nxe4 Bg4 9. c3 Nf6 10. 0-0 Qd7 11. Re1 h6 12. Qb3 Nxe4 13. dxe4 Be6 14. Qc2 0-0-0 15. Be3 Bh3 16. Red1 Bxg2 17. Kxg2 Qc7 18. Rac1 e5 19. b4 exf4 20. Bxf4 Ne5 21. Nxe5 Bxe5 22. Be3 b6 23. Qb3 c4 24. Qa4 Qb7 25. Rd5 h5 26. Bd4 Rhe8 27. Qb5 Qc7 28. Rd1 Kb7 29. Bxe5 a6 30. Bxd6 Qc8 31. Qa4 Rxe4 32. Qc2 Rde8 33. R1d2 Qg4 34. Rf2 h4 35. h3 Qe6 36. Rdd2 g5 37. Qd1 g4 38. hxg4 Qh6 39. Qf3 h3+ 40. Kh2 Qe6 41. Qf7+ Kc6 42. Bf8 Qxf7 43. Rxf7 Re2+ 44. Rxe2 Rxe2+ 45. Kxh3 Rxa2 46. g5 1-0

[Event "Bad Breisig Seniors op 3rd"]
[Site "Bad Breisig"]
[Date "2002.??.??"]
[Round "9"]
[White "Kahler, Kurt"]
[Black "Dunkel, Horst"]
[Result "1/2-1/2"]
[WhiteElo "1676"]
[BlackElo "1703"]
[PlyCount "33"]
[EventDate "2002.07.??"]
[EventType "swiss"]
[EventRounds "9"]
[EventCountry "GER"]
[SourceTitle "EXT 2006"]
[Source "ChessBase"]
[SourceDate "2005.11.24"]
[SourceVersion "1"]
[SourceVersionDate "2005.11.24"]
[SourceQuality "1"]

1. e4 d5 2. exd5 Qxd5 3. Nc3 Qa5 4. Nf3 Nf6 5. d3 Bg4 6. Be2 c6 7. Bd2 e6 8. h3 Bxf3 9. Bxf3 Be7 10. Qe2 Qb6 11. 0-0 Nbd7 12. Rab1 0-0 13. Ne4 Rfe8 14. Bc3 Qc7 15. Rbd1 Ne5 16. Bxe5 Qxe5 17. Nxf6+ 1/2-1/2

[Event "Bad Breisig Seniors op 3rd"]
[Site "Bad Breisig"]
[Date "2002.??.??"]
[Round "6"]
[White "Kahler, Kurt"]
[Black "Ruppelt, Guenther"]
[Result "1-0"]
[WhiteElo "1676"]
[BlackElo "1542"]
[PlyCount "49"]
[EventDate "2002.07.??"]
[EventType "swiss"]
[EventRounds "9"]
[EventCountry "GER"]
[SourceTitle "EXT 2006"]
[Source "ChessBase"]
[SourceDate "2005.11.24"]
[SourceVersion "1"]
[SourceVersionDate "2005.11.24"]
[SourceQuality "1"]

1. e4 g6 2. d4 Bg7 3. f4 d6 4. Nf3 c6 5. Bc4 e6 6. c3 d5 7. Bd3 dxe4 8. Bxe4 Nf6 9. Bc2 Qd5 10. Nbd2 Na6 11. Qe2 0-0 12. Ne4 Nxe4 13. Bxe4 Qd8 14. h4 h5 15. Ne5 Nc7 16. g4 Bxe5 17. fxe5 f5 18. gxh5 Kf7 19. hxg6+ Kg7 20. Bf3 f4 21. Qg2 Nd5 22. h5 Kh6 23. g7 Kh7 24. Qg6+ Kg8 25. h6 1-0

[Event "Alpenpokal op 28th"]
[Site "Oberstdorf"]
[Date "2002.??.??"]
[Round "2"]
[White "Schenfeld, Waldemar"]
[Black "Kahler, Kurt"]
[Result "1-0"]
[WhiteElo "1429"]
[BlackElo "1745"]
[PlyCount "65"]
[EventDate "2002.01.12"]
[EventType "swiss"]
[EventRounds "9"]
[EventCountry "GER"]
[SourceTitle "EXT 2003"]
[Source "ChessBase"]
[SourceDate "2002.11.25"]
[SourceVersion "1"]
[SourceVersionDate "2002.11.25"]
[SourceQuality "1"]

1. d4 Nf6 2. Nf3 g6 3. Nbd2 d5 4. e3 Bg7 5. c4 0-0 6. Qb3 c6 7. Be2 Qc7 8. Ne5 Be6 9. Ndf3 Nbd7 10. Bd2 Nxe5 11. Nxe5 Ne4 12. Nf3 Nd6 13. cxd5 Bxd5 14. Qc2 Rfe8 15. Rc1 Be4 16. Qb3 Bd5 17. Qxd5 cxd5 18. Rxc7 Rac8 19. Rxc8 Rxc8 20. 0-0 Ne4 21. Rc1 Rxc1+ 22. Bxc1 Nd6 23. b3 e6 24. Ba3 Ne4 25. Bb2 f6 26. Bd3 Bf8 27. Bxe4 dxe4 28. Nd2 f5 29. Nc4 Kf7 30. Na5 b6 31. Nc6 a5 32. Ne5+ Ke8 33. Nc4 1-0

[Event "Leutasch Seniors op 18th"]
[Site "Karwendel"]
[Date "2001.07.06"]
[Round "9"]
[White "Kahler, Kurt"]
[Black "Thonig, Manfred"]
[Result "1-0"]
[WhiteElo "1745"]
[BlackElo "1600"]
[PlyCount "127"]
[EventDate "2001.06.28"]
[EventType "swiss"]
[EventRounds "9"]
[EventCountry "GER"]
[SourceTitle "EXT 2006"]
[Source "ChessBase"]
[SourceDate "2005.11.24"]
[SourceVersion "1"]
[SourceVersionDate "2005.11.24"]
[SourceQuality "1"]

1. e4 g6 2. d4 Bg7 3. f4 d5 4. e5 f6 5. Nf3 c5 6. c3 Nc6 7. Be2 cxd4 8. cxd4 Qb6 9. Nc3 e6 10. Na4 Qa5+ 11. Bd2 Qc7 12. Rc1 Nge7 13. 0-0 0-0 14. Bb4 a5 15. Bc5 Qd8 16. Nb6 Rb8 17. Rc3 Rf7 18. exf6 Bxf6 19. Ne5 Nxe5 20. fxe5 Bg5 21. Rxf7 Kxf7 22. Qf1+ Kg7 23. h4 Bxh4 24. g4 Bd7 25. Rf3 Be8 26. Rb3 Bc6 27. Bd6 a4 28. Rb4 Bg5 29. Bxb8 Qxb8 30. Nxa4 Be3+ 31. Kh2 Bg5 32. Nc5 Qc8 33. Bb5 b6 34. Ba6 Qg8 35. Rxb6 Kh8 36. Bb5 Bxb5 37. Rxb5 Nc6 38. Nd7 Qg7 39. Nc5 Qh6+ 40. Kg2 Bf4 41. Qh1 Qxh1+ 42. Kxh1 Nxd4 43. Rb8+ Kg7 44. Nd7 Nc6 45. Re8 Nxe5 46. Re7+ Kh6 47. Nf8 Nxg4 48. Rxh7+ Kg5 49. Nxe6+ Kf5 50. Nxf4 Kxf4 51. Kg2 Ne3+ 52. Kg1 d4 53. Rf7+ Ke4 54. Re7+ Kf3 55. Rd7 Ke4 56. a4 Nc4 57. b3 Ne5 58. Re7 Kd5 59. Kf1 d3 60. a5 g5 61. Kf2 Kd6 62. Rxe5 d2 63. Ke2 Kxe5 64. a6 1-0